La caída
-д хадгалсан:
| Үндсэн зохиолч: | |
|---|---|
| Формат: | Ном |
| Хэл сонгох: | испани |
| Хэвлэсэн: |
Buenos Aires
Losada
2005
|
| Хэвлэл: | 1a. ed |
| Цуврал: | Clásicos Losada, 394
|
| Нөхцлүүд: | |
| Шошгууд: |
Шошго нэмэх
Шошго байхгүй, Энэхүү баримтыг шошголох эхний хүн болох!
|
MARC
| LEADER | 00000nam a2200000 a 4500 | ||
|---|---|---|---|
| 001 | UCH9809 | ||
| 003 | CL-VaPUC | ||
| 008 | 100121e20050200AG |||||||||||||||||spa|d | ||
| 020 | |a 9500306212 | ||
| 082 | 0 | 4 | |a 843 |b CAM |2 21 |
| 100 | 0 | |a Camus, Albert |e author |9 315220 | |
| 245 | 1 | 3 | |a La caída |
| 250 | |a 1a. ed | ||
| 300 | |a 145 p | ||
| 942 | |c BK | ||
| 945 | |d 20100121 00:00:00 |a dcastane | ||
| 260 | |a Buenos Aires |b Losada |c 2005 | ||
| 650 | 0 | |a Literatura francesa |9 266330 | |
| 650 | 0 | |a Novela francesa |9 264985 | |
| 583 | |a last modification |c 20100121 00:00:00 |k Rodrigo Vera | ||
| 490 | 0 | |a Clásicos Losada, 394 | |
| 999 | |c 339698 |d 339696 | ||
| 952 | |0 0 |1 0 |4 0 |6 843_000000000000000_CAM_2005 |7 0 |8 A |9 433493 |a BIBEDU |b BIBEDU |d 2019-11-22 |i 4637720 |o 843 CAM 2005 |p 4637720 |r 2019-11-22 |w 2019-11-22 |y BK |k FIL | ||